[Event "Xtracon Skakligaen"]
[Site "Denmark"]
[Date "2017.01.29"]
[Round "6.4"]
[White "Larsen, Peter"]
[Black "Jaksland, Tim"]
[Result "1-0"]
[WhiteElo "2251"]
[BlackElo "2230"]
[PlyCount "67"]
[EventDate "2016.10.29"]
[EventType "team-tourn"]
[EventRounds "9"]
[EventCountry "DEN"]
[WhiteTeam "K41 1"]
[BlackTeam "Hillerod 1"]
[WhiteTeamCountry "DEN"]
[BlackTeamCountry "DEN"]

1. e4 c5 2. Nf3 e6 3. d4 cxd4 4. Nxd4 Nc6 5. Nc3 Qc7 6. Be3 a6 7. Qf3 Nf6 8.
O-O-O Ne5 9. Qg3 b5 10. f4 Neg4 11. e5 Nxe3 12. Qxe3 b4 13. exf6 bxc3 14. fxg7
cxb2+ 15. Kb1 Bxg7 16. Nf5 Bf8 17. Be2 Rb8 18. Qd4 Rg8 19. Bh5 Rxg2 20. Ne3 Bg7
21. Qd3 Rf2 22. Nd5 exd5 23. Qe3+ Kf8 24. Qxf2 Rb4 25. Rxd5 Bb7 26. Qd2 Bxd5
27. Qxb4+ Kg8 28. Rg1 Be6 29. Qd4 Bxa2+ 30. Kxa2 Qa5+ 31. Kb3 Qb5+ 32. Qb4 Qd5+
33. Ka3 Qf3+ 34. Bxf3 1-0

[Event "Xtracon Skakligaen"]
[Site "Denmark"]
[Date "2017.01.29"]
[Round "6.5"]
[White "Ostergaard, Jens"]
[Black "Clausen, Steen"]
[Result "1/2-1/2"]
[WhiteElo "2239"]
[BlackElo "2188"]
[PlyCount "59"]
[EventDate "2016.10.29"]
[EventType "team-tourn"]
[EventRounds "9"]
[EventCountry "DEN"]
[WhiteTeam "Hillerod 1"]
[BlackTeam "K41 1"]
[WhiteTeamCountry "DEN"]
[BlackTeamCountry "DEN"]

1. d4 Nf6 2. Nf3 d6 3. c4 Nbd7 4. Nc3 e5 5. e4 Be7 6. Be2 O-O 7. O-O c6 8. Re1
Re8 9. Bf1 Qc7 10. h3 Bf8 11. Bg5 h6 12. Bh4 g5 13. Bg3 Bg7 14. Rb1 Nh5 15.
dxe5 dxe5 16. Bxe5 Nxe5 17. Nxe5 Rxe5 18. Qxh5 g4 19. Qh4 Rg5 20. e5 gxh3 21.
g3 Bxe5 22. Ne4 Rg6 23. Bxh3 Bxh3 24. Qxh3 Rd8 25. b3 Kg7 26. Rbd1 Bd4 27. Qf5
c5 28. Kg2 b6 29. Qf3 Qc6 30. Nd2 1/2-1/2

[Event "Xtracon Skakligaen"]
[Site "Denmark"]
[Date "2017.01.29"]
[Round "6.6"]
[White "Christensen, Bo Garner"]
[Black "Pedersen, Jan Nordenbaek"]
[Result "0-1"]
[WhiteElo "2137"]
[BlackElo "2170"]
[PlyCount "54"]
[EventDate "2016.10.29"]
[EventType "team-tourn"]
[EventRounds "9"]
[EventCountry "DEN"]
[WhiteTeam "K41 1"]
[BlackTeam "Hillerod 1"]
[WhiteTeamCountry "DEN"]
[BlackTeamCountry "DEN"]

1. e4 c5 2. Nf3 Nc6 3. Nc3 g6 4. Bc4 Bg7 5. O-O d6 6. d3 Nf6 7. h3 O-O 8. a4 b6
9. Be3 Bb7 10. Qd2 Nb4 11. Bh6 d5 12. Bxg7 Kxg7 13. exd5 Nbxd5 14. Ne2 Qd6 15.
Rae1 Rad8 16. Ng3 Nf4 17. Nh4 e6 18. Re3 Qd4 19. Nf3 Qxb2 20. Kh2 a6 21. Ree1
Bxf3 22. Qxf4 Bd5 23. Bxa6 Qxc2 24. Qe5 Rg8 25. Bb5 Ba8 26. Nh5+ gxh5 27. Qg5+
Kf8 0-1

[Event "Xtracon Skakligaen"]
[Site "Denmark"]
[Date "2017.01.29"]
[Round "6.7"]
[White "Pedersen, Martin Rosenkilde"]
[Black "Kragh, Niels Kristian"]
[Result "1/2-1/2"]
[WhiteElo "2121"]
[BlackElo "2134"]
[PlyCount "25"]
[EventDate "2016.10.29"]
[EventType "team-tourn"]
[EventRounds "9"]
[EventCountry "DEN"]
[WhiteTeam "Hillerod 1"]
[BlackTeam "K41 1"]
[WhiteTeamCountry "DEN"]
[BlackTeamCountry "DEN"]

1. e4 e6 2. d4 d5 3. exd5 Qxd5 4. Nc3 Qd8 5. Nf3 Nf6 6. Bg5 Be7 7. Bd3 b6 8.
O-O Bb7 9. Re1 O-O 10. Qe2 h6 11. Bxf6 Bxf6 12. Be4 c6 13. Rad1 1/2-1/2

[Event "Xtracon Skakligaen"]
[Site "Denmark"]
[Date "2017.01.29"]
[Round "6.8"]
[White "Petersen, Flemming Petri"]
[Black "Andersen, Ib Hother"]
[Result "1-0"]
[WhiteElo "2083"]
[BlackElo "2152"]
[PlyCount "55"]
[EventDate "2016.10.29"]
[EventType "team-tourn"]
[EventRounds "9"]
[EventCountry "DEN"]
[WhiteTeam "K41 1"]
[BlackTeam "Hillerod 1"]
[WhiteTeamCountry "DEN"]
[BlackTeamCountry "DEN"]

1. e4 c5 2. Nf3 e6 3. d4 cxd4 4. Nxd4 Nc6 5. Nc3 Qc7 6. g3 Nf6 7. Bg2 a6 8. O-O
Be7 9. Be3 d6 10. f4 Bd7 11. Qe2 Rc8 12. Rad1 O-O 13. g4 Nxd4 14. Bxd4 e5 15.
g5 exd4 16. gxf6 dxc3 17. fxe7 Rfe8 18. Qh5 cxb2 19. f5 Qc5+ 20. Kh1 Rxe7 21.
Rd5 Qxc2 22. f6 gxf6 23. Rg1 Qf2 24. Rdd1 Kh8 25. Qh6 Rg8 26. Rdf1 Rxg2 27.
Qf8+ Rg8 28. Qxg8# 1-0

[Event "Xtracon Skakligaen"]
[Site "Denmark"]
[Date "2017.02.26"]
[Round "7.1"]
[White "Hector, Jonny"]
[Black "Hillarp Persson, Tiger"]
[Result "1/2-1/2"]
[WhiteElo "2513"]
[BlackElo "2513"]
[PlyCount "118"]
[EventDate "2016.10.29"]
[EventType "team-tourn"]
[EventRounds "9"]
[EventCountry "DEN"]
[WhiteTeam "Nordkalotten 1"]
[BlackTeam "Bronshoj 1"]
[WhiteTeamCountry "DEN"]
[BlackTeamCountry "DEN"]

1. e4 c5 2. Nf3 d6 3. d4 cxd4 4. Nxd4 Nf6 5. Nc3 a6 6. Bg5 e6 7. f4 h6 8. Bh4
Qb6 9. a3 Nbd7 10. Be2 Be7 11. Bf2 Qc7 12. Bf3 g6 13. O-O e5 14. Nb3 exf4 15.
Bd4 Ne5 16. Qd2 g5 17. Rae1 Be6 18. Nd5 Bxd5 19. exd5 O-O 20. Na5 Rae8 21. c4
Bd8 22. b4 Nxc4 23. Nxc4 Rxe1 24. Rxe1 Qxc4 25. Qb2 Nd7 26. Bg7 Ne5 27. Bxe5
dxe5 28. Qxe5 Bb6+ 29. Kh1 Qd4 30. Qe7 Kg7 31. d6 Rd8 32. Rd1 Qf6 33. Qxf6+
Kxf6 34. Bxb7 a5 35. bxa5 Bxa5 36. d7 Rb8 37. Bc6 Ke7 38. a4 Kd8 39. Bb5 Rb6
40. Rc1 Rd6 41. Rc8+ Ke7 42. Re8+ Kf6 43. Kg1 g4 44. Ra8 Bb6+ 45. Kf1 f3 46.
gxf3 gxf3 47. Ke1 f2+ 48. Ke2 Re6+ 49. Kf3 Re5 50. Bf1 Rf5+ 51. Kg4 Rg5+ 52.
Kh4 Ke7 53. Rb8 Bd8 54. Rb2 Kxd7 55. Kh3 Ba5 56. Rxf2 Ke7 57. Bd3 f6 58. Bc4
Bc7 59. Rg2 Rxg2 1/2-1/2

[Event "Xtracon Skakligaen"]
[Site "Denmark"]
[Date "2017.02.26"]
[Round "7.2"]
[White "Carstensen, Jacob"]
[Black "Brynell, Stellan"]
[Result "1-0"]
[WhiteElo "2380"]
[BlackElo "2450"]
[PlyCount "71"]
[EventDate "2016.10.29"]
[EventType "team-tourn"]
[EventRounds "9"]
[EventCountry "DEN"]
[WhiteTeam "Bronshoj 1"]
[BlackTeam "Nordkalotten 1"]
[WhiteTeamCountry "DEN"]
[BlackTeamCountry "DEN"]

1. e4 e5 2. Nf3 Nc6 3. Bb5 a6 4. Bxc6 dxc6 5. O-O Bg4 6. h3 Bh5 7. d3 Bd6 8.
Nbd2 Ne7 9. g4 Bg6 10. Nc4 f6 11. Nh4 Qd7 12. Qf3 Bf7 13. Kh2 O-O-O 14. Nxd6+
Qxd6 15. g5 fxg5 16. Bxg5 Be6 17. Qg3 Rd7 18. f4 exf4 19. Bxf4 Qc5 20. Rac1 Rg8
21. Bg5 b6 22. Nf3 h6 23. Bxe7 Rxe7 24. Qe5 Qxe5+ 25. Nxe5 Bxh3 26. Ng6 Re6 27.
Rg1 Rxg6 28. Rxg6 Bd7 29. Rcg1 Rf8 30. Rxg7 Rf4 31. Rh7 Rh4+ 32. Kg3 Rh3+ 33.
Kf2 Be6 34. Rg6 Bxa2 35. Rxc6 Bb1 36. Rcxc7+ 1-0

[Event "Xtracon Skakligaen"]
[Site "Denmark"]
[Date "2017.02.26"]
[Round "7.3"]
[White "Sylvan, Jacob"]
[Black "Aabling Thomsen, Jakob"]
[Result "1-0"]
[WhiteElo "2371"]
[BlackElo "2380"]
[PlyCount "81"]
[EventDate "2016.10.29"]
[EventType "team-tourn"]
[EventRounds "9"]
[EventCountry "DEN"]
[WhiteTeam "Nordkalotten 1"]
[BlackTeam "Bronshoj 1"]
[WhiteTeamCountry "DEN"]
[BlackTeamCountry "DEN"]

1. e4 d6 2. d4 Nf6 3. Nc3 g6 4. f4 Bg7 5. Nf3 O-O 6. e5 dxe5 7. fxe5 Nd5 8. Bc4
Nb6 9. Bb3 Nc6 10. a4 Bg4 11. a5 Nc8 12. Be3 Bxf3 13. gxf3 e6 14. Ne4 Qh4+ 15.
Bf2 Qh3 16. Qe2 N8e7 17. c3 Nd5 18. Bg3 Kh8 19. Nf2 Qh5 20. Ng4 a6 21. O-O Rad8
22. f4 Nde7 23. Bd1 Nf5 24. Qg2 g5 25. fxg5 Qxg5 26. Bf4 Qh4 27. Ne3 Nxe3 28.
Bxe3 Bh6 29. Bf2 Be3 30. Kh1 Bxf2 31. Qxf2 Qxf2 32. Rxf2 Rd5 33. b4 Rd7 34. Bc2
Rg8 35. Be4 Rg4 36. Bf3 Rf4 37. Bxc6 Rxf2 38. Bxd7 Rc2 39. Bc8 Rxc3 40. Bxb7
Rc4 41. b5 1-0

[Event "Xtracon Skakligaen"]
[Site "Denmark"]
[Date "2017.02.26"]
[Round "7.4"]
[White "Hoi, Carsten"]
[Black "Kristensen, Kaare Hove"]
[Result "1-0"]
[WhiteElo "2382"]
[BlackElo "2383"]
[PlyCount "49"]
[EventDate "2016.10.29"]
[EventType "team-tourn"]
[EventRounds "9"]
[EventCountry "DEN"]
[WhiteTeam "Bronshoj 1"]
[BlackTeam "Nordkalotten 1"]
[WhiteTeamCountry "DEN"]
[BlackTeamCountry "DEN"]

1. c4 Nf6 2. Nc3 e5 3. e3 Bb4 4. d4 exd4 5. exd4 O-O 6. Bd3 d5 7. Nge2 c5 8.
O-O dxc4 9. Bxc4 cxd4 10. Nxd4 Bxc3 11. bxc3 Qc7 12. Qb3 Ng4 13. g3 Ne5 14. Bd5
Nd3 15. Ba3 Nc5 16. Bxc5 Qxc5 17. Bxb7 Bxb7 18. Qxb7 Qxc3 19. Qxa8 Qxd4 20.
Rfd1 Qa4 21. Qd5 Nc6 22. Rac1 Nb4 23. Qb3 Qa5 24. a3 Na6 25. Rd5 1-0

[Event "Xtracon Skakligaen"]
[Site "Denmark"]
[Date "2017.02.26"]
[Round "7.5"]
[White "Hove, Esben Kjems"]
[Black "Bromann, Thorbjorn"]
[Result "1-0"]
[WhiteElo "2267"]
[BlackElo "2421"]
[PlyCount "105"]
[EventDate "2016.10.29"]
[EventType "team-tourn"]
[EventRounds "9"]
[EventCountry "DEN"]
[WhiteTeam "Nordkalotten 1"]
[BlackTeam "Bronshoj 1"]
[WhiteTeamCountry "DEN"]
[BlackTeamCountry "DEN"]

1. d4 e6 2. c4 Bb4+ 3. Nd2 Nf6 4. Ngf3 O-O 5. a3 Be7 6. e3 d5 7. cxd5 exd5 8.
Bd3 Nbd7 9. O-O Bd6 10. b4 b6 11. e4 dxe4 12. Nxe4 Be7 13. Ng3 Re8 14. Bc4 Rf8
15. Qb3 Ne8 16. Ne5 Nxe5 17. dxe5 c6 18. Rd1 Qc7 19. Bb2 a5 20. b5 cxb5 21.
Bxb5 Bg4 22. Rdc1 Qd8 23. Qa4 Be6 24. Rd1 Qb8 25. Qe4 g6 26. Qe3 Ng7 27. Ne4
Rd8 28. Qf3 Ra7 29. Nf6+ Kh8 30. Rxd8+ Qxd8 31. Rd1 Qb8 32. h3 Rc7 33. Nd5 Bxd5
34. Rxd5 Qf8 35. a4 Rc2 36. Bd4 Ne6 37. Bxb6 Kg7 38. Be3 Qa8 39. Qd1 Rc7 40.
Qd2 h5 41. Rd7 Bb4 42. Qd1 Rxd7 43. Bxd7 Nc5 44. e6 fxe6 45. Qd4+ Kf7 46. Qf4+
Ke7 47. Bb5 Qd5 48. Qh6 Qf5 49. Qg7+ Kd6 50. Qg8 Nd7 51. Qd8 e5 52. Bb6 Qf7 53.
Qc7+ 1-0

[Event "Xtracon Skakligaen"]
[Site "Denmark"]
[Date "2017.02.26"]
[Round "7.6"]
[White "Palm, Nikolaj"]
[Black "Pedersen, Daniel Vesterbaek"]
[Result "1-0"]
[WhiteElo "2321"]
[BlackElo "2245"]
[PlyCount "78"]
[EventDate "2016.10.29"]
[EventType "team-tourn"]
[EventRounds "9"]
[EventCountry "DEN"]
[WhiteTeam "Bronshoj 1"]
[BlackTeam "Nordkalotten 1"]
[WhiteTeamCountry "DEN"]
[BlackTeamCountry "DEN"]

1. d4 Nf6 2. c4 e6 3. Nc3 Bb4 4. Qc2 d5 5. a3 Bxc3+ 6. Qxc3 c5 7. dxc5 d4 8.
Qc2 Nc6 9. b4 e5 10. Bb2 a5 11. b5 Ne7 12. Nf3 Bf5 13. Qd1 Qc7 14. g3 Ne4 15.
Bg2 Nxc5 16. a4 f6 17. O-O O-O 18. Ne1 Rad8 19. Nd3 Ne6 20. Ba3 e4 21. Nc1 Rfe8
22. Nb3 Ng6 23. c5 Ne5 24. b6 Qc8 25. Nxa5 d3 26. e3 Bg4 27. Qb3 Nf3+ 28. Kh1
Nd2 29. Qb5 Nxf1 30. Bxf1 Bf3+ 31. Kg1 Ng5 32. h4 Nh3+ 33. Kh2 Nxf2 34. Nxb7
Qxb7 35. c6 Qc8 36. c7 Rd7 37. Bd6 Ng4+ 38. Kg1 Rxc7 39. Bxc7 Rf8 1-0

[Event "Xtracon Skakligaen"]
[Site "Denmark"]
[Date "2017.02.26"]
[Round "7.7"]
[White "Nielsen, Lars Aaes"]
[Black "Greger, Roland Reinhard"]
[Result "1-0"]
[WhiteElo "2239"]
[BlackElo "2307"]
[PlyCount "79"]
[EventDate "2016.10.29"]
[EventType "team-tourn"]
[EventRounds "9"]
[EventCountry "DEN"]
[WhiteTeam "Nordkalotten 1"]
[BlackTeam "Bronshoj 1"]
[WhiteTeamCountry "DEN"]
[BlackTeamCountry "DEN"]

1. e4 e6 2. d4 d5 3. exd5 exd5 4. Nf3 Nc6 5. c4 Nf6 6. Nc3 Bg4 7. Be3 Be7 8.
Be2 dxc4 9. Bxc4 O-O 10. O-O a6 11. Rc1 Nb4 12. h3 Bh5 13. g4 Bg6 14. Ne5 b5
15. Bb3 c5 16. a3 c4 17. Bxc4 bxc4 18. axb4 Rc8 19. Qa4 Qb6 20. g5 Ne4 21. Nd5
Qe6 22. Qd7 Qxd7 23. Nxd7 Rfe8 24. N7b6 Rb8 25. Nxe7+ Rxe7 26. d5 Bf5 27. Rfd1
h6 28. d6 Nxd6 29. Rxd6 hxg5 30. Rxc4 Bxh3 31. Bxg5 Re1+ 32. Kh2 Be6 33. Rcd4
Kh7 34. Be3 Kg6 35. Nd5 Rh8+ 36. Kg2 Kf5 37. Nf4 Bc8 38. R4d5+ Ke4 39. Bd2 Bb7
40. f3# 1-0

[Event "Xtracon Skakligaen"]
[Site "Denmark"]
[Date "2017.02.26"]
[Round "7.8"]
[White "Skousen, Nikolai"]
[Black "Jakobsen, Peter"]
[Result "1/2-1/2"]
[WhiteElo "2275"]
[BlackElo "2201"]
[PlyCount "35"]
[EventDate "2016.10.29"]
[EventType "team-tourn"]
[EventRounds "9"]
[EventCountry "DEN"]
[WhiteTeam "Bronshoj 1"]
[BlackTeam "Nordkalotten 1"]
[WhiteTeamCountry "DEN"]
[BlackTeamCountry "DEN"]

1. Nf3 Nf6 2. g3 d5 3. Bg2 c6 4. O-O Bg4 5. h3 Bh5 6. d3 Nbd7 7. Nbd2 e5 8. e4
dxe4 9. dxe4 Be7 10. Qe1 O-O 11. Nc4 Qc7 12. Nh4 b5 13. Nf5 Bc5 14. Na5 Rfe8
15. a4 a6 16. b4 Bf8 17. Be3 Nb6 18. Bxb6 1/2-1/2

[Event "Xtracon Skakligaen"]
[Site "Denmark"]
[Date "2017.02.26"]
[Round "7.1"]
[White "Rasmussen, Allan Stig"]
[Black "Pedersen, Jan"]
[Result "1-0"]
[WhiteElo "2513"]
[BlackElo "2398"]
[PlyCount "55"]
[EventDate "2016.10.29"]
[EventType "team-tourn"]
[EventRounds "9"]
[EventCountry "DEN"]
[WhiteTeam "Jetsmark 1"]
[BlackTeam "SK 68 1"]
[WhiteTeamCountry "DEN"]
[BlackTeamCountry "DEN"]

1. d4 e6 2. c4 Nf6 3. Nc3 b6 4. e4 Bb4 5. Bd3 Bb7 6. Qc2 Nc6 7. Nf3 e5 8. d5
Nd4 9. Nxd4 exd4 10. a3 Bxc3+ 11. bxc3 dxc3 12. Qxc3 d6 13. Bb2 Qe7 14. O-O
O-O-O 15. Rae1 Rhg8 16. f4 Nd7 17. e5 g6 18. Bc2 Nc5 19. Qh3+ Qd7 20. e6 fxe6
21. dxe6 Qe7 22. Bf6 Qxf6 23. e7+ Kb8 24. exd8=Q+ Rxd8 25. Qxh7 Qd4+ 26. Rf2
Bxg2 27. Qe7 Rh8 28. Rd1 1-0

[Event "Xtracon Skakligaen"]
[Site "Denmark"]
[Date "2017.02.26"]
[Round "7.2"]
[White "Matthiesen, Martin"]
[Black "Thybo, Jesper Sondergaard"]
[Result "0-1"]
[WhiteElo "2317"]
[BlackElo "2358"]
[PlyCount "58"]
[EventDate "2016.10.29"]
[EventType "team-tourn"]
[EventRounds "9"]
[EventCountry "DEN"]
[WhiteTeam "SK 68 1"]
[BlackTeam "Jetsmark 1"]
[WhiteTeamCountry "DEN"]
[BlackTeamCountry "DEN"]

1. d4 Nf6 2. c4 g6 3. Nc3 d5 4. Nf3 Bg7 5. h4 dxc4 6. e4 c5 7. d5 b5 8. h5 O-O
9. hxg6 fxg6 10. e5 Ng4 11. d6 e6 12. Rxh7 Nc6 13. Rh3 Ncxe5 14. Nxe5 Nxf2 15.
Qc2 Nxh3 16. Nxg6 Qxd6 17. Ne4 Rxf1+ 18. Kxf1 Qh2 19. Ne7+ Kf8 20. Ng6+ Ke8 21.
Nh4 Bb7 22. Be3 Qh1+ 23. Ke2 Qxa1 24. Nd6+ Kd7 25. Nxb7 Ng1+ 26. Kf2 Rf8+ 27.
Kg3 Qe1+ 28. Bf2 Qe5+ 29. Kg4 Qf4+ 0-1

[Event "Xtracon Skakligaen"]
[Site "Denmark"]
[Date "2017.02.26"]
[Round "7.3"]
[White "Jensen, Bjarke"]
[Black "Hansen, Lars"]
[Result "0-1"]
[WhiteElo "2320"]
[BlackElo "2270"]
[PlyCount "40"]
[EventDate "2016.10.29"]
[EventType "team-tourn"]
[EventRounds "9"]
[EventCountry "DEN"]
[WhiteTeam "Jetsmark 1"]
[BlackTeam "SK 68 1"]
[WhiteTeamCountry "DEN"]
[BlackTeamCountry "DEN"]

1. d4 e6 2. c4 b6 3. e4 Bb7 4. Bd3 Bb4+ 5. Kf1 c5 6. a3 Ba5 7. d5 b5 8. b3 f5
9. exf5 Nf6 10. Be3 exd5 11. Bxc5 Na6 12. Bd6 bxc4 13. bxc4 Qb6 14. Qe2+ Kf7
15. c5 Nxc5 16. Qe7+ Kg8 17. Bxc5 Qb2 18. Ne2 Re8 19. Qd6 Qc1+ 20. Nxc1 Re1#
0-1

[Event "Xtracon Skakligaen"]
[Site "Denmark"]
[Date "2017.02.26"]
[Round "7.4"]
[White "Lindfeldt, Magnus"]
[Black "Wiwe, Andreas"]
[Result "1/2-1/2"]
[WhiteElo "2266"]
[BlackElo "2288"]
[PlyCount "95"]
[EventDate "2016.10.29"]
[EventType "team-tourn"]
[EventRounds "9"]
[EventCountry "DEN"]
[WhiteTeam "SK 68 1"]
[BlackTeam "Jetsmark 1"]
[WhiteTeamCountry "DEN"]
[BlackTeamCountry "DEN"]

1. c4 e5 2. Nc3 Nc6 3. g3 Bc5 4. Bg2 a6 5. Nf3 d6 6. O-O Ba7 7. e3 Nf6 8. d4
O-O 9. h3 h6 10. b3 Bf5 11. Ba3 Re8 12. Rc1 exd4 13. Nxd4 Nxd4 14. exd4 c6 15.
d5 c5 16. Bb2 Qd7 17. g4 Bh7 18. a4 Bb6 19. Qd2 Ba5 20. Rfe1 Ne4 21. Bxe4 Bxe4
22. Re3 Bg6 23. Rce1 Kf8 24. f4 Rxe3 25. Rxe3 Re8 26. f5 Bh7 27. Qe2 Bxc3 28.
Bxc3 Rxe3 29. Qxe3 f6 30. Kg2 Qe7 31. Kf3 Qxe3+ 32. Kxe3 h5 33. Kf4 hxg4 34.
hxg4 Bg8 35. g5 fxg5+ 36. Kxg5 Bf7 37. a5 Be8 38. f6 gxf6+ 39. Kxf6 Bd7 40. Bd2
Bg4 41. Bf4 Ke8 42. Bxd6 Kd7 43. Bxc5 Bd1 44. Ke5 Bxb3 45. Kd4 Bd1 46. Bb4 Be2
47. c5 Bf1 48. Be1 1/2-1/2

[Event "Xtracon Skakligaen"]
[Site "Denmark"]
[Date "2017.02.26"]
[Round "7.5"]
[White "Thogersen, Rasmus"]
[Black "Bank, Pelle Rodkjaer"]
[Result "1-0"]
[WhiteElo "2122"]
[BlackElo "2256"]
[PlyCount "75"]
[EventDate "2016.10.29"]
[EventType "team-tourn"]
[EventRounds "9"]
[EventCountry "DEN"]
[WhiteTeam "Jetsmark 1"]
[BlackTeam "SK 68 1"]
[WhiteTeamCountry "DEN"]
[BlackTeamCountry "DEN"]

1. e4 e6 2. d4 d5 3. Nc3 Nf6 4. e5 Nfd7 5. f4 c5 6. Nf3 Nc6 7. Be3 Be7 8. Qd2
a6 9. Nd1 b5 10. c3 Qb6 11. Bd3 b4 12. O-O a5 13. f5 Ba6 14. Nf2 a4 15. Bxa6
bxc3 16. bxc3 Qxa6 17. Nd3 cxd4 18. cxd4 exf5 19. Nf4 Nb6 20. Qc2 Nb4 21. Qxf5
g6 22. Qb1 Rc8 23. Ne1 Nc4 24. Bc1 a3 25. Ned3 Qb6 26. Nxb4 Qxd4+ 27. Kh1 Rb8
28. Nfxd5 Bxb4 29. Nxb4 O-O 30. Bg5 Qxe5 31. Bf4 Qe2 32. Bxb8 Ne3 33. Rg1 Rxb8
34. Qd3 Qf2 35. Nd5 Ng4 36. Rgf1 Rb2 37. Ne7+ Kf8 38. Qd8+ 1-0

[Event "Xtracon Skakligaen"]
[Site "Denmark"]
[Date "2017.02.26"]
[Round "7.6"]
[White "Rewitz, Poul"]
[Black "Wilbrandt, Simon Pil"]
[Result "1-0"]
[WhiteElo "2215"]
[BlackElo "2171"]
[PlyCount "81"]
[EventDate "2016.10.29"]
[EventType "team-tourn"]
[EventRounds "9"]
[EventCountry "DEN"]
[WhiteTeam "SK 68 1"]
[BlackTeam "Jetsmark 1"]
[WhiteTeamCountry "DEN"]
[BlackTeamCountry "DEN"]

1. g3 e5 2. Bg2 d5 3. c3 Nf6 4. d4 Nbd7 5. dxe5 Nxe5 6. Nf3 Nxf3+ 7. exf3 Be6
8. Nd2 h5 9. Qa4+ c6 10. Nb3 Qd7 11. Nd4 Bh3 12. Bxh3 Qxh3 13. Be3 Bd6 14. Qc2
g6 15. Bg5 Nh7 16. Qe2+ Kd7 17. Be3 Rhe8 18. O-O-O Kc7 19. c4 Rac8 20. cxd5
cxd5 21. Kb1 Kb8 22. Nb5 Qe6 23. Bxa7+ Ka8 24. Qxe6 Rxe6 25. Rxd5 Be7 26. Be3
Nf6 27. Rd4 Ne8 28. Rhd1 Bf6 29. Rd7 Re5 30. a4 Be7 31. Na7 Rb8 32. Nc6 Re6 33.
R1d5 Bd8 34. Nxd8 Ra6 35. Rd4 f5 36. Bf4 Rc8 37. Nxb7 Nf6 38. Rf7 Rb6 39. Nd6
Rcb8 40. Nb5 Rc8 41. Ra7# 1-0

[Event "Xtracon Skakligaen"]
[Site "Denmark"]
[Date "2017.02.26"]
[Round "7.7"]
[White "Rosenkilde, Alexander"]
[Black "Ramsdal, Jens Albert"]
[Result "1/2-1/2"]
[WhiteElo "2240"]
[BlackElo "2201"]
[PlyCount "54"]
[EventDate "2016.10.29"]
[EventType "team-tourn"]
[EventRounds "9"]
[EventCountry "DEN"]
[WhiteTeam "Jetsmark 1"]
[BlackTeam "SK 68 1"]
[WhiteTeamCountry "DEN"]
[BlackTeamCountry "DEN"]

1. d4 Nf6 2. c4 g6 3. Nc3 Bg7 4. e4 d6 5. Be2 O-O 6. Nf3 Na6 7. O-O e5 8. Be3
h6 9. d5 Ng4 10. Bd2 f5 11. exf5 gxf5 12. g3 Nf6 13. Nh4 Nc5 14. f3 a5 15. Qc1
Kh7 16. Qc2 Nh5 17. f4 Nxf4 18. Bxf4 exf4 19. Rxf4 Qg5 20. Raf1 Kg8 21. Nxf5
Bxf5 22. Rxf5 Qe3+ 23. Kg2 Rxf5 24. Rxf5 Re8 25. Bh5 Nd3 26. Bf7+ Kh8 27. Kh3
Re5 1/2-1/2

[Event "Xtracon Skakligaen"]
[Site "Denmark"]
[Date "2017.02.26"]
[Round "7.8"]
[White "Christensen, Thomas K"]
[Black "Rathlev, Jakob"]
[Result "1/2-1/2"]
[WhiteElo "2225"]
[BlackElo "2231"]
[PlyCount "84"]
[EventDate "2016.10.29"]
[EventType "team-tourn"]
[EventRounds "9"]
[EventCountry "DEN"]
[WhiteTeam "SK 68 1"]
[BlackTeam "Jetsmark 1"]
[WhiteTeamCountry "DEN"]
[BlackTeamCountry "DEN"]

1. d4 e6 2. c4 f5 3. g3 Nf6 4. Bg2 c6 5. Nh3 d5 6. O-O Bd6 7. Bf4 Be7 8. Qc2
O-O 9. Nd2 Nh5 10. Be5 Nd7 11. e3 g5 12. f4 g4 13. Nf2 Nxe5 14. fxe5 Bd7 15.
Nd3 Ng7 16. Rac1 h5 17. Nf4 Bg5 18. Nb3 h4 19. Rfd1 Qe8 20. Nc5 Bc8 21. b4 Nh5
22. Kf2 Kg7 23. Rh1 Rh8 24. b5 Nxf4 25. exf4 Be7 26. cxd5 cxd5 27. Qb3 b6 28.
Na6 Bxa6 29. bxa6 Rc8 30. Rhd1 Qd7 31. Bf1 Rxc1 32. Rxc1 Rc8 33. Bb5 Qd8 34.
Rc3 hxg3+ 35. hxg3 Qh8 36. Kg1 Kf7 37. Qc2 Rxc3 38. Qxc3 Qd8 39. Qc6 Bf8 40.
Qb7+ Qe7 41. Kf2 Kg8 42. Bd7 Kh8 1/2-1/2

[Event "Xtracon Skakligaen"]
[Site "Denmark"]
[Date "2017.02.26"]
[Round "7.1"]
[White "Andersen, Mads"]
[Black "Schandorff, Lars"]
[Result "1-0"]
[WhiteElo "2542"]
[BlackElo "2511"]
[PlyCount "79"]
[EventDate "2016.10.29"]
[EventType "team-tourn"]
[EventRounds "9"]
[EventCountry "DEN"]
[WhiteTeam "Team Nordea Skanderborg 1"]
[BlackTeam "Hillerod 1"]
[WhiteTeamCountry "DEN"]
[BlackTeamCountry "DEN"]

1. d4 Nf6 2. c4 e6 3. g3 d5 4. Nf3 Bb4+ 5. Bd2 Bd6 6. Nc3 c6 7. Bg2 O-O 8. Bg5
h6 9. Bxf6 Qxf6 10. O-O Qd8 11. e4 dxc4 12. Qe2 b6 13. Rfd1 Ba6 14. Ne1 Qc7 15.
Nc2 Nd7 16. e5 Be7 17. Ne3 Rac8 18. f4 Rfe8 19. a4 Nb8 20. Qg4 Rcd8 21. Ne4 Kh8
22. Kh1 Bf8 23. Rac1 b5 24. axb5 cxb5 25. d5 exd5 26. Nxd5 Qc8 27. Qxc8 Rxc8
28. Bh3 Rc6 29. Ra1 b4 30. Bg2 Rcc8 31. Nd6 Bxd6 32. exd6 Bb7 33. Rxa7 Bxd5 34.
Bxd5 Re2 35. Bxf7 Rxb2 36. Rc7 Rd8 37. d7 Kh7 38. Bxc4 Kg6 39. g4 Kf6 40. Rd6+
1-0

[Event "Xtracon Skakligaen"]
[Site "Denmark"]
[Date "2017.02.26"]
[Round "7.2"]
[White "Borge, Nikolaj"]
[Black "Semcesen, Daniel"]
[Result "1/2-1/2"]
[WhiteElo "2386"]
[BlackElo "2469"]
[PlyCount "26"]
[EventDate "2016.10.29"]
[EventType "team-tourn"]
[EventRounds "9"]
[EventCountry "DEN"]
[WhiteTeam "Hillerod 1"]
[BlackTeam "Team Nordea Skanderborg 1"]
[WhiteTeamCountry "DEN"]
[BlackTeamCountry "DEN"]

1. e4 e5 2. Nf3 Nc6 3. Bc4 Be7 4. O-O Nf6 5. Re1 O-O 6. d4 d6 7. dxe5 Nxe5 8.
Nxe5 dxe5 9. Qxd8 Rxd8 10. Nd2 h6 11. Nf3 Bd6 12. h3 b6 13. Bd2 Bb7 1/2-1/2

[Event "Xtracon Skakligaen"]
[Site "Denmark"]
[Date "2017.02.26"]
[Round "7.3"]
[White "Hansen, Mads"]
[Black "Rodgaard, John"]
[Result "0-1"]
[WhiteElo "2452"]
[BlackElo "2320"]
[PlyCount "92"]
[EventDate "2016.10.29"]
[EventType "team-tourn"]
[EventRounds "9"]
[EventCountry "DEN"]
[WhiteTeam "Team Nordea Skanderborg 1"]
[BlackTeam "Hillerod 1"]
[WhiteTeamCountry "DEN"]
[BlackTeamCountry "DEN"]

1. e4 e6 2. d4 d5 3. Nc3 Bb4 4. e5 Ne7 5. a3 Bxc3+ 6. bxc3 c5 7. Qg4 O-O 8. Bd3
f5 9. exf6 Rxf6 10. Bg5 Rf7 11. Qh5 g6 12. Qh4 Qa5 13. Bd2 c4 14. Be2 Nf5 15.
Qg5 Nc6 16. Nf3 Bd7 17. Ne5 Nxe5 18. dxe5 Ba4 19. g4 Ne7 20. Ra2 d4 21. O-O
dxc3 22. Bxc4 Nd5 23. Be3 Rc8 24. Bd3 Nxe3 25. Qxe3 Qd5 26. Raa1 Bc6 27. f3
Rxf3 28. Rxf3 Qxf3 29. Qxf3 Bxf3 30. Rb1 Rc5 31. Kf2 Bc6 32. Rb4 Kf7 33. Rc4
Rxe5 34. Rxc3 h5 35. Kg3 hxg4 36. Kxg4 Kf6 37. Kf4 g5+ 38. Kg4 Re3 39. Rc5 e5
40. h4 gxh4 41. Kxh4 Bd7 42. Bf1 Rxa3 43. Bg2 b6 44. Rc7 Bf5 45. Rc6+ Ke7 46.
Bd5 Bd7 0-1